| 000 | 00641cas a2200217 a 4500 | ||
|---|---|---|---|
| 001 | 80458 | ||
| 003 | BD-RjUL | ||
| 005 | 20220928113628.0 | ||
| 008 | 950726c1941 pk tr p 0 | 0ur od | ||
| 035 | _a(BD-RjUL) | ||
| 040 |
_aCLU _cCLU _dWaU _dInU _dCStRLIN _dNN _beng |
||
| 041 | _aeng | ||
| 082 |
_223 _a297.09 _bQUM 1941 |
||
| 100 |
_aibn qutayba # # ابن قتيبه _95053 |
||
| 130 | 0 |
_aMaʿārif (Tehran, Iran) _95054 |
|
| 245 | 0 | 0 |
_aMaʿārif.# # _cابن قتيبه # # Ibn Qutayba |
| 260 |
_aTihrān : _bMarkaz-i Nashr-i Dānishgāhī, _c1984- |
||
| 300 |
_av. ; _c24 cm. |
||
| 650 |
_aHistory _zIslam _95055 |
||
| 942 |
_2ddc _cBK |
||
| 999 |
_c80458 _d80458 |
||